Welcome to the Holygrace Academy Library

Please use search bar below to get started

EMINENT SCIENTISTS (Record no. 6537)

MARC details
000 -LEADER
fixed length control field 00213nam a22001097a 4500
082 ## - DEWEY DECIMAL CLASSIFICATION NUMBER
Classification number 001
Item number H&C/E
245 ## - TITLE STATEMENT
Title EMINENT SCIENTISTS
260 ## - PUBLICATION, DISTRIBUTION, ETC. (IMPRINT)
Place of publication THRISSUR
300 ## - PHYSICAL DESCRIPTION
Number of Pages 50
650 ## - SUBJECT ADDED ENTRY--TOPICAL TERM
Topical Term SCIENTISTS
Geographic subdivision KERALA
942 ## - ADDED ENTRY ELEMENTS (KOHA)
Koha item type Books
Holdings
Withdrawn status Lost status Collection code Home library Current library Shelving location Date acquired Source of acquisition Full call number Accession Number Koha item type
    Reference Main Library Main Library SHELF-17-L-BIOGRAPHIES & AUTOBIOGRAPHIES 14/05/2010 PURCHASE 001 H&C/E 03851 Books